UBT Library

Contemporary Nutrition (Record no. 54935)

000 -LEADER
fixed length control field 00323nam a22001457a 4500
008 - FIXED-LENGTH DATA ELEMENTS--GENERAL INFORMATION
fixed length control field 190926b ||||| |||| 00| 0 eng d
020 ## - INTERNATIONAL STANDARD BOOK NUMBER
International Standard Book Number 9780078021343
041 ## - LANGUAGE CODE
Language code of text/sound track or separate title eng
080 ## - UNIVERSAL DECIMAL CLASSIFICATION NUMBER
Edition identifier 3rd
Universal Decimal Classification number 613.2
082 ## - DEWEY DECIMAL CLASSIFICATION NUMBER
Classification number 613.2
100 ## - Rafti
Rafti 10
101 ## - Shkurtesa
Shkurtesa NUT
245 ## - TITLE STATEMENT
Title Contemporary Nutrition
Statement of responsibility, etc Wardlaw,G,M
942 ## - ADDED ENTRY ELEMENTS (KOHA)
Source of classification or shelving scheme
Item type Books
Holdings
Withdrawn status Lost status Source of classification or shelving scheme Damaged status Not for loan Collection code Permanent location Current location Shelving location Date acquired Total Checkouts Full call number Barcode Date last seen Price effective from Koha item type
          Koleksioni i përgjithshem UBT - Gjilan UBT - Gjilan Koleksioni i përgjithshem 09/26/2019   613.2 WAR 002-3020237 09/26/2019 09/26/2019 Books
          Koleksioni i përgjithshem UBT - Gjilan UBT - Gjilan Koleksioni i përgjithshem 09/26/2019   613.2 WAR 002-3020242 09/26/2019 09/26/2019 Books
          Koleksioni i përgjithshem UBT - Gjilan UBT - Gjilan Koleksioni i përgjithshem 09/26/2019   613.2 WAR 002-3020247 09/26/2019 09/26/2019 Books
          Koleksioni i përgjithshem UBT - Gjilan UBT - Gjilan Koleksioni i përgjithshem 09/26/2019   613.2 WAR 002-3020252 09/26/2019 09/26/2019 Books
          Koleksioni i përgjithshem UBT - Gjilan UBT - Gjilan Koleksioni i përgjithshem 09/26/2019   613.2 WAR 002-3020253 09/26/2019 09/26/2019 Books
UBT Library © 2015-2024. All rights reserved University Education for Business and Technology